000 00652nam a22002417a 4500
003 UA-OsUOA
001 80223
007 ta
008 20111205b un ||||| |||| 00| 0 ukr d
100 _aФедоров Е.А.
090 _a821.161.1
_bФ33
942 _cBK
040 _aUA-OsUOA
_brus
_cUA-OsUOA
_dUA-OsUOA
245 _aКаменный Пояс
_bроман в 3 кн.
_cкн. 1
300 _a363 с.
955 _a3
041 _arus
080 _a821.161.1
020 _a5-339-00128-8
260 _aМинск
_bБеларусь
_c1988
650 7 _a82 Література. Літературознавство
_2UDC
999 _c366538
_d366538